Maiores cadeias de montanhas do mundo - Statistics

Estatísticas Gerais
  • Esse quiz foi jogado 39 vezes
  • A pontuação média é 3 de 9
Estatísticas das Respostas
Hint Resposta % Correto
Argentina Bolívia Chile Colômbia Equador Peru Venezuela Andes
94%
Índia Paquistão China Butão Nepal Afeganistão Mianmar Himalaia
80%
RússiaCazaquistão Montes Urais
49%
Canadá Estados Unidos Montanhas Rochosas
31%
MarrocosTunísia Argélia Atlas
23%
Estados Unidos (NE)Canadá Montanhas Apalaches
17%
Zimbabué
África do Sul
Essuatíni
Lesoto
Namíbia
Angola
Grande Escarpa
3%
Austrália Cordilheira da Austrália
0%
Antártica Montanhas Transantárticas
0%
Nenhum quiz correspondente encontrado
Distribuição das Pontuações
Porcentagem de Pessoas com Cada Pontuação
Percentil de Números Respondidos
Sua Pontuação Histórica
Você não jogou esse quiz